[Event "Sao Paulo zt"]
[Site "Sao Paulo"]
[Date "1998.09.14"]
[Round "7"]
[White "Saavedra, Carlos"]
[Black "Vescovi, Giovanni P"]
[Result "0-1"]
[WhiteElo "2205"]
[BlackElo "2525"]
[EventDate "1998.09.??"]
[PlyCount "66"]

1.d4 Nf6 2.Nf3 e6 3.Bg5 c5 4.e3 h6 5.Bh4 b6 6.Bd3 Bb7 7.Nbd2 Be7 8.c3 d6 
9.h3 Nbd7 10.Qe2 O-O 11.O-O-O Nd5 12.Bg3 cxd4 13.exd4 a6 14.Kb1 b5 15.Bh2 
Rc8 16.Rc1 N5b6 17.Ka1 Re8 18.Rhd1 Bd5 19.g4 Bf8 20.Nf1 Qf6 21.N1d2 e5 22.
Ne4 Qe6 23.Bb1 g6 24.dxe5 dxe5 25.Rg1 b4 26.Nfd2 a5 27.h4 a4 28.cxb4 a3 
29.bxa3 Ra8 30.Rg3 Bxb4 31.Nb3 Rxa3 32.Kb2 Rd8 33.Rd3 Bc4 0-1

[Event "Sao Paulo zt"]
[Site "Sao Paulo"]
[Date "1998.09.14"]
[Round "7"]
[White "Sunye Neto, Jaime"]
[Black "Van Riemsdijk, Herman C"]
[Result "1/2-1/2"]
[WhiteElo "2520"]
[BlackElo "2405"]
[EventDate "1998.09.??"]
[PlyCount "65"]

1.c4 Nf6 2.Nf3 c5 3.g3 b6 4.Bg2 Bb7 5.Nc3 g6 6.O-O Bg7 7.d4 cxd4 8.Qxd4 
O-O 9.Qh4 d6 10.Bh6 Nbd7 11.Ng5 Bxg2 12.Kxg2 Re8 13.Bxg7 Kxg7 14.Rad1 Rc8 
15.Qd4 Qc7 16.b3 Qc5 17.Qd2 a6 18.Nge4 Nxe4 19.Nxe4 Qe5 20.Ng5 Nf6 21.Nf3 
Qe4 22.Qb2 Rc5 23.Rd4 Qe6 24.Rfd1 Rec8 25.R1d2 Kg8 26.Qa3 a5 27.Qb2 d5 28.
cxd5 Rxd5 29.Rxd5 Nxd5 30.Rc2 Rc6 31.Rxc6 Qxc6 32.Qd4 h6 33.e4 1/2-1/2

[Event "Sao Paulo zt"]
[Site "Sao Paulo"]
[Date "1998.09.14"]
[Round "7"]
[White "Tsuboi, Edson Kenji"]
[Black "Milos, Gilberto"]
[Result "1/2-1/2"]
[WhiteElo "2300"]
[BlackElo "2575"]
[EventDate "1998.09.??"]
[PlyCount "76"]

1.e4 c5 2.Nf3 e6 3.d4 cxd4 4.Nxd4 Nf6 5.Nc3 d6 6.Be2 Be7 7.O-O a6 8.f4 O-O
9.Be3 Qc7 10.Qe1 b5 11.Bf3 Bb7 12.e5 dxe5 13.fxe5 Nfd7 14.Qg3 Bxf3 15.Nxf3
Bc5 16.Bxc5 Nxc5 17.Rae1 Nc6 18.Ne4 Nxe4 19.Rxe4 Rad8 20.Rg4 g6 21.Re1 Ne7
22.c3 Rd3 23.Rge4 Rfd8 24.Qf4 Qc5+ 25.Kh1 Nf5 26.R4e2 Qd5 27.h3 h6 28.Kh2 
Qxa2 29.Rf1 Rd1 30.Rxd1 Rxd1 31.g4 g5 32.Qe4 Ne7 33.h4 Qa1 34.hxg5 Rh1+ 
35.Kg3 hxg5 36.Qe3 Qf1 37.Qxg5+ Ng6 38.Rg2 Qc1 1/2-1/2

[Event "Sao Paulo zt"]
[Site "Sao Paulo"]
[Date "1998.09.14"]
[Round "7"]
[White "Urday Caceres, Henry"]
[Black "Matsuura, Everaldo"]
[Result "1-0"]
[WhiteElo "2475"]
[BlackElo "2400"]
[EventDate "1998.09.??"]
[PlyCount "85"]

1.c4 e5 2.Nc3 Nf6 3.g3 d5 4.cxd5 Nxd5 5.Bg2 Nb6 6.Nf3 Nc6 7.O-O Be7 8.a3 
O-O 9.b4 Re8 10.Rb1 Bf8 11.d3 a5 12.b5 Nd4 13.Nd2 Rb8 14.Re1 Bg4 15.h3 Bh5
16.Nb3 a4 17.Na5 Qc8 18.Bb2 f5 19.Nd5 Nxd5 20.Bxd5+ Kh8 21.Bxd4 exd4 22.
Nc4 Qd7 23.Bf3 Bxf3 24.exf3 Qd5 25.Kg2 Rxe1 26.Qxe1 Ra8 27.b6 c6 28.Qe2 
Kg8 29.Re1 g6 30.h4 Bd6 31.Qd2 f4 32.Re4 fxg3 33.fxg3 Rf8 34.Qg5 Qxg5 35.
hxg5 Bc5 36.g4 Ra8 37.Re5 Bf8 38.f4 Kf7 39.Kf3 Re8 40.Ra5 Re1 41.Ra7 Re7 
42.f5 gxf5 43.gxf5 1-0

[Event "Sao Paulo zt"]
[Site "Sao Paulo"]
[Date "1998.09.15"]
[Round "8"]
[White "Leitao, Rafael Duailibe"]
[Black "Oblitas Guerrero, Carlomagno"]
[Result "1-0"]
[WhiteElo "2550"]
[BlackElo "2420"]
[EventDate "1998.09.??"]
[PlyCount "91"]

1.d4 g6 2.c4 Bg7 3.Nc3 d6 4.e4 e5 5.Nf3 Bg4 6.d5 Ne7 7.Be2 O-O 8.Be3 Nd7 
9.Nd2 Bxe2 10.Qxe2 f5 11.f3 Rf7 12.b4 Nf6 13.c5 Nh5 14.O-O Nf4 15.Qc4 Qd7 
16.cxd6 cxd6 17.Qb5 Qc7 18.Rac1 a6 19.Qa5 Qxa5 20.bxa5 fxe4 21.fxe4 Rc8 
22.Bxf4 Rxf4 23.Rxf4 exf4 24.Ne2 Bd4+ 25.Kf1 Rxc1+ 26.Nxc1 Be3 27.Ncb3 
Bxd2 28.Nxd2 Kf8 29.Nc4 Ng8 30.Nxd6 Nf6 31.Ke2 Ke7 32.Nc8+ Kd8 33.Nb6 Nxe4
34.Kf3 Nc3 35.Kxf4 Ke7 36.Kg5 Nd1 37.Kh6 Ne3 38.Kxh7 Kf7 39.d6 g5 40.d7 
Ke7 41.Kg6 g4 42.Kg5 g3 43.h3 Nxg2 44.Kg4 Nf4 45.Kxg3 Ne6 46.h4 1-0

[Event "Sao Paulo zt"]
[Site "Sao Paulo"]
[Date "1998.09.15"]
[Round "8"]
[White "Limp, Eduardo Thelio"]
[Black "Berrocal Farina, Jorge"]
[Result "1-0"]
[WhiteElo "2410"]
[BlackElo "2275"]
[EventDate "1998.09.??"]
[PlyCount "89"]

1.d4 Nf6 2.c4 g6 3.Nc3 Bg7 4.e4 d6 5.Nf3 O-O 6.h3 e5 7.dxe5 dxe5 8.Qxd8 
Rxd8 9.Nd5 Nxd5 10.cxd5 c6 11.Bc4 b5 12.Bb3 c5 13.Bd2 a5 14.a4 b4 15.Be3 
Nd7 16.Nd2 Ba6 17.Bc4 Rdc8 18.b3 Bf8 19.Ke2 Nb6 20.Bxa6 Rxa6 21.Rac1 Ra7 
22.f3 Bd6 23.g3 Kg7 24.Kd3 Rac7 25.Nc4 Nxc4 26.Rxc4 f6 27.Rhc1 Kf7 28.f4 
Kg7 29.h4 Be7 30.R4c2 h6 31.g4 Bd6 32.fxe5 fxe5 33.g5 hxg5 34.hxg5 Rh8 35.
Rf2 Rh3 36.Rcf1 c4+ 37.bxc4 b3 38.Rf3 Rxf3 39.Rxf3 b2 40.Rf1 Rb7 41.Kc2 
Rb4 42.c5 Bxc5 43.Bxc5 Rc4+ 44.Kxb2 Rxc5 45.Rc1 1-0

[Event "Sao Paulo zt"]
[Site "Sao Paulo"]
[Date "1998.09.15"]
[Round "8"]
[White "Matsuura, Everaldo"]
[Black "Martins, Carlos"]
[Result "1/2-1/2"]
[WhiteElo "2400"]
[BlackElo "2305"]
[EventDate "1998.09.??"]
[PlyCount "78"]

1.d4 f5 2.g3 Nf6 3.Bg2 g6 4.b3 Bg7 5.Bb2 O-O 6.d5 e6 7.c4 exd5 8.cxd5 c6 
9.Nh3 Na6 10.O-O Nc7 11.d6 Ne6 12.Nd2 Ne8 13.Nc4 Bxb2 14.Nxb2 Qf6 15.Nc4 
Nd8 16.Qd2 b5 17.Na5 Qxd6 18.Rfd1 Qxd2 19.Rxd2 Nf6 20.Nf4 Re8 21.Nd3 Kf8 
22.Rad1 Re7 23.f4 Nb7 24.Nxb7 Bxb7 25.Ne5 d5 26.Rc2 Rxe5 27.fxe5 Ng4 28.
Rc3 Nxe5 29.h3 Ke7 30.Kf2 a5 31.e3 a4 32.Bxd5 cxd5 33.Rc7+ Kd6 34.Rxb7 
axb3 35.axb3 Ra2+ 36.Kf1 Nf3 37.Rxb5 Nh2+ 38.Ke1 Nf3+ 39.Kf1 Nh2+ 1/2-1/2

[Event "Sao Paulo zt"]
[Site "Sao Paulo"]
[Date "1998.09.15"]
[Round "8"]
[White "Saavedra, Carlos"]
[Black "Rocha, Wellington Carlos"]
[Result "1-0"]
[WhiteElo "2205"]
[BlackElo "2315"]
[EventDate "1998.09.??"]
[PlyCount "125"]

1.d4 c5 2.d5 d6 3.c4 e5 4.e4 Nf6 5.Nc3 Be7 6.Bd3 Nbd7 7.Nge2 Nf8 8.f3 Ng6 
9.Be3 h5 10.Qd2 h4 11.O-O-O a6 12.Kc2 Bd7 13.a4 Rc8 14.b3 Nh5 15.g3 Nf6 
16.Rhg1 Rb8 17.Ra1 Qc8 18.Qe1 Bd8 19.Qf2 Kf8 20.Bd2 Kg8 21.Rh1 b6 22.Rhg1 
Be7 23.Rh1 Ra8 24.Rhg1 Qd8 25.Rh1 Rb8 26.Rhg1 Rb7 27.Rh1 Ne8 28.f4 Nc7 29.
Rhb1 b5 30.Ra2 Bf6 31.f5 Nf8 32.Ng1 hxg3 33.hxg3 Bg5 34.Nf3 Bxd2 35.Qxd2 
bxa4 36.Nxa4 Rb4 37.Nc3 Qb8 38.Qg2 Qb6 39.Raa1 Qb8 40.g4 f6 41.g5 Kf7 42.
gxf6 gxf6 43.Rg1 Ne8 44.Nd2 Rb7 45.Rxa6 Ra7 46.Rxa7 Qxa7 47.Be2 Qa5 48.Rh1
Rxh1 49.Qxh1 Ng7 50.Qh6 Qa1 51.Nf3 Ne8 52.Ng5+ fxg5 53.Bh5+ Kg8 54.Bxe8 
Qg1 55.Bh5 Qf2+ 56.Ne2 Bxf5 57.exf5 Qxf5+ 58.Kd2 e4 59.Qxd6 Qh3 60.Qh6 e3+
61.Kd3 Qf1 62.Kxe3 g4 63.Kd2 1-0

[Event "Sao Paulo zt"]
[Site "Sao Paulo"]
[Date "1998.09.15"]
[Round "8"]
[White "Tsuboi, Edson Kenji"]
[Black "Sunye Neto, Jaime"]
[Result "0-1"]
[WhiteElo "2300"]
[BlackElo "2520"]
[EventDate "1998.09.??"]
[PlyCount "68"]

1.e4 c5 2.Nf3 e6 3.d4 cxd4 4.Nxd4 a6 5.Bd3 Bc5 6.Nb3 Ba7 7.O-O Nc6 8.Qe2 
d6 9.Be3 Nf6 10.c4 O-O 11.Nc3 Qc7 12.Rac1 Bxe3 13.Qxe3 Ne5 14.h3 b6 15.
Rfd1 Bb7 16.Be2 Rfd8 17.Nd2 Rac8 18.f4 Ng6 19.g3 h5 20.h4 Ne7 21.Qf2 Ng4 
22.Bxg4 hxg4 23.b3 f5 24.Re1 Re8 25.Re2 b5 26.Rce1 bxc4 27.bxc4 Qa5 28.Re3
fxe4 29.Ncxe4 Nf5 30.Rd3 d5 31.Ng5 dxc4 32.Rd7 Bc6 33.Re5 Qc3 34.Rf7 Rcd8 
0-1

[Event "Sao Paulo zt"]
[Site "Sao Paulo"]
[Date "1998.09.15"]
[Round "8"]
[White "Van Riemsdijk, Herman C"]
[Black "Urday Caceres, Henry"]
[Result "1/2-1/2"]
[WhiteElo "2405"]
[BlackElo "2475"]
[EventDate "1998.09.??"]
[PlyCount "40"]

1.d4 Nf6 2.c4 d6 3.Nc3 g6 4.e4 Bg7 5.Be2 O-O 6.Bg5 h6 7.Be3 e5 8.d5 a5 9.
c5 Nbd7 10.cxd6 cxd6 11.Qd2 Kh7 12.g4 Nc5 13.f3 Bd7 14.h4 Ne8 15.h5 g5 16.
Nh3 a4 17.O-O Nc7 18.Rfc1 b6 19.Nf2 Qb8 20.Nh1 Rc8 1/2-1/2

[Event "Sao Paulo zt"]
[Site "Sao Paulo"]
[Date "1998.09.16"]
[Round "9"]
[White "Martins, Carlos"]
[Black "Limp, Eduardo Thelio"]
[Result "0-1"]
[WhiteElo "2305"]
[BlackElo "2410"]
[EventDate "1998.09.??"]
[PlyCount "184"]

1.e4 c6 2.d4 d5 3.exd5 cxd5 4.Bd3 Nc6 5.c3 Nf6 6.Bf4 Bg4 7.Qb3 Qd7 8.Nd2 
e6 9.Ngf3 Bxf3 10.Nxf3 Bd6 11.Bxd6 Qxd6 12.O-O O-O 13.Rae1 Rab8 14.Ne5 b5 
15.a3 Rfc8 16.Re3 a5 17.Qd1 b4 18.axb4 axb4 19.Rfe1 bxc3 20.bxc3 Qd8 21.
Rg3 g6 22.h4 Nxe5 23.dxe5 Ne8 24.Qd2 Qa5 25.Bc2 Rb2 26.Re2 Rc4 27.h5 Qa1+ 
28.Kh2 Rh4+ 29.Rh3 Rxh3+ 30.gxh3 Qf1 31.h6 Ra2 32.Qd1 Qxd1 33.Bxd1 Rxe2 
34.Bxe2 f6 35.f4 Nc7 36.Kg3 Na8 37.h4 Kf7 38.Bd3 f5 39.Kf2 Nb6 40.Bb5 Nc8 
41.h5 gxh5 42.Be2 h4 43.Kg2 Ne7 44.Bh5+ Kf8 45.Kh3 Ng8 46.Kxh4 Nxh6 47.Be2
Kf7 48.c4 dxc4 49.Bxc4 Ng8 50.Be2 Ne7 51.Bh5+ Ng6+ 52.Kg3 Ke7 53.Bd1 Kd7 
54.Ba4+ Ke7 55.Bd1 Nf8 56.Kh4 Nd7 57.Kg3 Nc5 58.Bh5 Kd7 59.Kf3 Kc6 60.Ke3 
Kd5 61.Be2 Nb3 62.Bh5 Kc4 63.Bf7 Nc5 64.Bh5 Kc3 65.Bf7 h6 66.Be8 Nb3 67.
Bh5 Nd4 68.Bf7 Kc4 69.Kd2 Kd5 70.Kd3 Nc6 71.Bh5 Nb4+ 72.Ke3 Kc4 73.Bf7 
Nd5+ 74.Kf3 Nc7 75.Ke3 Kc3 76.Bh5 Nd5+ 77.Kf3 Kd4 78.Be8 Nc7 79.Bg6 Na6 
80.Be8 Nc5 81.Bf7 Kd3 82.Be8 Nb3 83.Bb5+ Kd2 84.Kf2 Nd4 85.Bf1 h5 86.Bg2 
Kd3 87.Bb7 h4 88.Bg2 Nb3 89.Bb7 h3 90.Bc6 Nc5 91.Bh1 Ne4+ 92.Kf3 Kd2 0-1

[Event "Sao Paulo zt"]
[Site "Sao Paulo"]
[Date "1998.09.16"]
[Round "9"]
[White "Matsuura, Everaldo"]
[Black "Milos, Gilberto"]
[Result "1/2-1/2"]
[WhiteElo "2400"]
[BlackElo "2575"]
[EventDate "1998.09.??"]
[PlyCount "20"]

1.e4 c5 2.Nf3 e6 3.d4 cxd4 4.Nxd4 Nf6 5.Nc3 d6 6.Be2 Be7 7.O-O O-O 8.Be3 
Nc6 9.f4 a6 10.Qe1 Nxd4 1/2-1/2

[Event "Sao Paulo zt"]
[Site "Sao Paulo"]
[Date "1998.09.16"]
[Round "9"]
[White "Rocha, Wellington Carlos"]
[Black "Van Riemsdijk, Herman C"]
[Result "1/2-1/2"]
[WhiteElo "2315"]
[BlackElo "2405"]
[EventDate "1998.09.??"]
[PlyCount "123"]

1.e4 e5 2.Nf3 Nc6 3.Bb5 a6 4.Ba4 Nf6 5.O-O Be7 6.Bxc6 dxc6 7.Qe1 c5 8.b3 
Bd6 9.Bb2 Qe7 10.d3 Bg4 11.Nbd2 Bxf3 12.Nxf3 Nh5 13.Kh1 g5 14.Nd2 f6 15.
Nc4 Nf4 16.Ne3 h5 17.Nf5 Qd7 18.a3 Rh7 19.b4 O-O-O 20.Rb1 Qc6 21.Ne3 h4 
22.Qd1 Qd7 23.Bc1 cxb4 24.axb4 c6 25.Bd2 Bc7 26.Qg4 Qxg4 27.Nxg4 Nh5 28.
Be3 Kd7 29.Kg1 Ke6 30.f3 Ng7 31.Kf2 Ne8 32.Ke2 Nd6 33.c4 Ra8 34.Ra1 Rd7 
35.Rfb1 Rad8 36.Nf2 Kf7 37.Bc5 Kg6 38.Rb3 Ne8 39.Ng4 Ng7 40.b5 Ne6 41.Be3 
axb5 42.cxb5 cxb5 43.Nf2 Rd6 44.Rxb5 Ra6 45.Rab1 Ra2+ 46.R1b2 Rxb2+ 47.
Rxb2 b6 48.Nd1 Rb8 49.Nc3 Bd6 50.Kd2 Bc5 51.Bxc5 Nxc5 52.Rb5 Ne6 53.Nd5 h3
54.gxh3 Nd4 55.Rxb6 Rxb6 56.Nxb6 Nxf3+ 57.Ke3 Ng1 58.Nd5 Nxh3 59.Kf3 Nf4 
60.Nxf4+ gxf4 61.Kg4 Kh6 62.Kh4 1/2-1/2

[Event "Sao Paulo zt"]
[Site "Sao Paulo"]
[Date "1998.09.16"]
[Round "9"]
[White "Saavedra, Carlos"]
[Black "Tsuboi, Edson Kenji"]
[Result "0-1"]
[WhiteElo "2205"]
[BlackElo "2300"]
[EventDate "1998.09.??"]
[PlyCount "114"]

1.d4 Nf6 2.Nf3 g6 3.Bf4 Bg7 4.e3 O-O 5.h3 d5 6.Nbd2 c5 7.c3 Nbd7 8.Be2 b6 
9.O-O Bb7 10.Ne5 e6 11.a4 a6 12.Bf3 Rc8 13.Qc2 Qe7 14.Rad1 Nxe5 15.Bxe5 
Nd7 16.Bxg7 Kxg7 17.Rfe1 e5 18.dxe5 Nxe5 19.Be2 Rfd8 20.Nf3 Nc4 21.Qc1 Nd6
22.Qc2 Qf6 23.Nh2 h5 24.Bf3 Qe6 25.Qb3 Nf5 26.c4 Ne7 27.a5 b5 28.cxb5 axb5
29.Qxb5 Ba6 30.Qb3 Qf6 31.Rd2 d4 32.exd4 cxd4 33.Nf1 Nf5 34.Red1 d3 35.Nh2
Nd4 36.Qa4 Qf4 37.Qa3 Rc2 38.Qe7 Rd6 39.Qe3 Qxe3 40.fxe3 Nb3 41.Rf2 Nxa5 
42.Be4 Rxf2 43.Kxf2 f5 44.Ba8 Nb3 45.e4 Rd8 46.Bc6 Rc8 47.Bd5 Rc2+ 48.Kg3 
Nd4 49.Nf3 Nxf3 50.Kxf3 Rxb2 51.exf5 gxf5 52.g4 fxg4+ 53.hxg4 h4 54.Rh1 
Bb5 55.Rxh4 d2 56.Rh1 Ba4 57.Ke3 d1=Q 0-1

[Event "Sao Paulo zt"]
[Site "Sao Paulo"]
[Date "1998.09.16"]
[Round "9"]
[White "Urday Caceres, Henry"]
[Black "Berrocal Farina, Jorge"]
[Result "1-0"]
[WhiteElo "2475"]
[BlackElo "2275"]
[EventDate "1998.09.??"]
[PlyCount "72"]

1.d4 Nf6 2.Nf3 c5 3.d5 d6 4.Nc3 g6 5.e4 Bg7 6.Bb5+ Nbd7 7.a4 O-O 8.O-O a6 
9.Be2 b6 10.Bf4 Qc7 11.Nd2 Rb8 12.Bg3 g5 13.h4 g4 14.Bxg4 Nxg4 15.Qxg4 b5 
16.axb5 axb5 17.Qe2 c4 18.f4 Nc5 19.Nd1 Kh8 20.Kh2 Bd7 21.e5 Rg8 22.Nf3 f6
23.e6 Bc8 24.Nd4 Rb6 25.Nf5 Bb7 26.Nde3 Bf8 27.Be1 Ra6 28.Bc3 Qd8 29.Bd4 
Qa8 30.Rxa6 Nxa6 31.Ra1 Qc8 32.g4 Nc7 33.g5 Nxe6 34.dxe6 Qxe6 35.Ra7 Bc6 
36.Bxf6+ exf6 1-0

[Event "Sao Paulo zt"]
[Site "Sao Paulo"]
[Date "1998.09.16"]
[Round "9"]
[White "Vescovi, Giovanni P"]
[Black "Leitao, Rafael Duailibe"]
[Result "1/2-1/2"]
[WhiteElo "2525"]
[BlackElo "2550"]
[EventDate "1998.09.??"]
[PlyCount "21"]

1.Nf3 d5 2.b3 Bg4 3.Bb2 Nd7 4.d4 e6 5.e3 c6 6.Be2 Ngf6 7.O-O Be7 8.c4 O-O 
9.Nbd2 a5 10.Ne5 Bxe2 11.Qxe2 1/2-1/2

[Event "Politiken zt"]
[Site "Munkebo"]
[Date "1998.09.10"]
[Round "1.1"]
[White "Brynell, Stellan"]
[Black "Agrest, Evgenij"]
[Result "1-0"]
[WhiteElo "2485"]
[BlackElo "2545"]
[EventDate "1998.09.10"]
[PlyCount "77"]

1.e4 d6 2.d4 g6 3.Nf3 Bg7 4.Be2 Nf6 5.Nc3 O-O 6.O-O Bg4 7.h3 Bxf3 8.Bxf3 
Nc6 9.Ne2 e5 10.c3 Kh8 11.b4 Qe8 12.Rb1 Nd7 13.Re1 Rg8 14.Qd3 Qf8 15.d5 
Ne7 16.c4 f5 17.Nc3 Nf6 18.c5 h5 19.Bg5 Bh6 20.Bxh6 Qxh6 21.Nb5 g5 22.cxd6
Ng6 23.dxc7 Nf4 24.Qc3 g4 25.Nd6 Nxh3+ 26.gxh3 gxf3+ 27.Kh1 Qf4 28.Qxe5 
Qxe5 29.Nf7+ Kh7 30.Nxe5 Rae8 31.exf5 Nxd5 32.Rbd1 Nxc7 33.f6 Rc8 34.Rd7+ 
Kh6 35.f7 Rgf8 36.Rg1 b6 37.Rd6+ Kh7 38.Rg5 Rcd8 39.Rdg6 1-0

[Event "Politiken zt"]
[Site "Munkebo"]
[Date "1998.09.10"]
[Round "1.1"]
[White "Fyllingen, Roy Harald"]
[Black "Hector, Jonny"]
[Result "0-1"]
[WhiteElo "2405"]
[BlackElo "2510"]
[EventDate "1998.09.10"]
[PlyCount "56"]

1.d4 d5 2.Nf3 Nf6 3.g3 Bg4 4.Ne5 Bf5 5.c4 c6 6.Bg2 e6 7.O-O Nbd7 8.Nd2 Be7
9.Ndf3 h6 10.cxd5 exd5 11.Nh4 Bh7 12.Qb3 Qb6 13.Nxd7 Nxd7 14.Qe3 Qd8 15.
Bh3 O-O 16.Nf5 Bf6 17.Qf3 Nb6 18.Rd1 Nc4 19.Qb3 Re8 20.Kf1 b6 21.Qc3 c5 
22.Qf3 Bxf5 23.Bxf5 cxd4 24.Rb1 Nd6 25.Bc2 Ne4 26.Ba4 Re6 27.Qg4 Be5 28.
Bc2 Qc8 0-1

[Event "Politiken zt"]
[Site "Munkebo"]
[Date "1998.09.10"]
[Round "1.1"]
[White "Gausel, Einar"]
[Black "Hall, Jesper"]
[Result "1-0"]
[WhiteElo "2540"]
[BlackElo "2485"]
[EventDate "1998.09.10"]
[PlyCount "89"]

1.d4 Nf6 2.Nf3 e6 3.g3 b5 4.Bg2 Bb7 5.O-O c5 6.Bg5 Qb6 7.Bxf6 gxf6 8.c3 f5
9.dxc5 Bxc5 10.b4 Be7 11.Qd4 Qxd4 12.Nxd4 Bxg2 13.Kxg2 a6 14.a4 Nc6 15.
axb5 Nxd4 16.cxd4 Bxb4 17.bxa6 Ke7 18.Ra4 Rhb8 19.Na3 Bxa3 20.Rxa3 Ra7 21.
Rfa1 Rb6 22.Kh3 Kf6 23.e3 Kg5 24.f3 d5 25.Ra5 Kg6 26.g4 fxg4+ 27.Kxg4 f5+ 
28.Kf4 Kf6 29.e4 fxe4 30.fxe4 dxe4 31.Kxe4 Rd6 32.h4 Rb6 33.h5 Rd6 34.h6 
Rb6 35.R1a2 Kg6 36.Ke5 Kxh6 37.Kf6 e5+ 38.Kxe5 Kg6 39.d5 Kf7 40.d6 Ke8 41.
Ke6 h6 42.Rg2 Re7+ 43.Kf5 Ra7 44.d7+ Rxd7 45.a7 1-0

[Event "Politiken zt"]
[Site "Munkebo"]
[Date "1998.09.10"]
[Round "1.1"]
[White "Gretarsson, Helgi Ass"]
[Black "Stefansson, Hannes"]
[Result "1/2-1/2"]
[WhiteElo "2480"]
[BlackElo "2535"]
[EventDate "1998.09.10"]
[PlyCount "59"]

1.d4 Nf6 2.c4 e6 3.Nf3 b6 4.Bf4 Bb7 5.e3 Be7 6.h3 c5 7.Nc3 cxd4 8.Nxd4 a6 
9.Be2 d6 10.Bf3 Ra7 11.Qa4+ Qd7 12.Ndb5 Bxf3 13.Nxa7 Bb7 14.O-O-O Qxa4 15.
Nxa4 e5 16.Bh2 Nbd7 17.b4 Bxg2 18.Rhg1 Bf3 19.Nc8 Bxd1 20.Kxd1 d5 21.Naxb6
Bxb4 22.cxd5 Bc5 23.Na4 Nxd5 24.Nxc5 Nxc5 25.Nd6+ Ke7 26.Nf5+ Ke6 27.Nxg7+
Ke7 28.Nf5+ Ke6 29.Ng7+ Ke7 30.Nf5+ 1/2-1/2

[Event "Politiken zt"]
[Site "Munkebo"]
[Date "1998.09.10"]
[Round "1.1"]
[White "Nielsen, Peter Heine"]
[Black "Pihlajasalo, Antti"]
[Result "1-0"]
[WhiteElo "2515"]
[BlackElo "2450"]
[EventDate "1998.09.10"]
[PlyCount "77"]

1.d4 d5 2.c4 e6 3.Nc3 Be7 4.Bf4 Nf6 5.e3 O-O 6.Nf3 c5 7.dxc5 Nc6 8.a3 Ne4 
9.Nxe4 dxe4 10.Qxd8 Rxd8 11.Nd2 f5 12.Bd6 Bxd6 13.cxd6 b6 14.Rc1 Ba6 15.f4
exf3 16.Nxf3 Rxd6 17.c5 Bxf1 18.cxd6 Bxg2 19.Rf1 Bxf3 20.Rxf3 Ne5 21.Ke2 
Rd8 22.Rf4 Rxd6 23.Rd4 Rxd4 24.exd4 Ng4 25.Rc7 Nxh2 26.Rxa7 g5 27.a4 f4 
28.b4 g4 29.a5 bxa5 30.b5 g3 31.b6 f3+ 32.Kd2 f2 33.b7 f1=Q 34.b8=Q+ Qf8 
35.Qxg3+ Kh8 36.Qe5+ Kg8 37.Qxe6+ Kh8 38.Qe5+ Kg8 39.Qd5+ 1-0

[Event "Politiken zt"]
[Site "Munkebo"]
[Date "1998.09.10"]
[Round "1.1"]
[White "Ostenstad, Berge"]
[Black "Hansen, Sune Berg"]
[Result "1/2-1/2"]
[WhiteElo "2520"]
[BlackElo "2460"]
[EventDate "1998.09.10"]
[PlyCount "52"]

1.d4 Nf6 2.c4 e6 3.Nc3 Bb4 4.Qc2 c5 5.dxc5 O-O 6.a3 Bxc5 7.Bf4 Nh5 8.Bg3 
Nc6 9.e3 f5 10.Be2 Nxg3 11.hxg3 g6 12.O-O-O b6 13.Nh3 Ne5 14.Nf4 Qf6 15.
Nd3 Nxd3+ 16.Rxd3 Rf7 17.Bf3 Rb8 18.Ne2 Bf8 19.Qc3 Qe7 20.Kb1 Bg7 21.Qb4 
Qc5 22.Rb3 d6 23.Qxc5 dxc5 24.Nc3 Ba6 25.Nb5 Rd8 26.Kc2 Rfd7 1/2-1/2

[Event "Politiken zt"]
[Site "Munkebo"]
[Date "1998.09.10"]
[Round "1.1"]
[White "Schandorff, Lars"]
[Black "Wedberg, Tom"]
[Result "1/2-1/2"]
[WhiteElo "2535"]
[BlackElo "2475"]
[EventDate "1998.09.10"]
[PlyCount "81"]

1.d4 Nf6 2.c4 e6 3.Nc3 Bb4 4.Qc2 O-O 5.a3 Bxc3+ 6.Qxc3 b6 7.Nf3 Bb7 8.Bg5 
d6 9.Nd2 c5 10.dxc5 bxc5 11.e3 Nbd7 12.Bd3 a5 13.O-O Qb6 14.Rad1 a4 15.Qc2
h6 16.Bh4 Rab8 17.Nb1 Bc6 18.Rd2 Rb7 19.Bg3 Ne5 20.Bxe5 dxe5 21.Nc3 Rd8 
22.Rfd1 Rbd7 23.Be2 Rxd2 24.Rxd2 Rxd2 25.Qxd2 Qb3 26.f3 Ne8 27.Nd1 Qb6 28.
Kf2 Kf8 29.Qc3 Qc7 30.Ke1 f6 31.Qd2 Nd6 32.Nc3 e4 33.f4 Ke7 34.Kf2 Qb6 35.
Qc2 Qa5 36.Nb1 g5 37.g3 Qa8 38.Qc3 Be8 39.Nd2 Bc6 40.Bd1 Qa6 41.Be2 
1/2-1/2

[Event "Politiken zt"]
[Site "Munkebo"]
[Date "1998.09.11"]
[Round "1.2"]
[White "Agrest, Evgenij"]
[Black "Brynell, Stellan"]
[Result "1/2-1/2"]
[WhiteElo "2545"]
[BlackElo "2485"]
[EventDate "1998.09.10"]
[PlyCount "80"]

1.c4 e5 2.Nc3 Nf6 3.Nf3 Nc6 4.g3 Bb4 5.Nd5 Bc5 6.Bg2 O-O 7.O-O d6 8.d3 h6 
9.a3 a5 10.e3 Bg4 11.h3 Bh5 12.Nc3 Nh7 13.g4 Bg6 14.d4 Ba7 15.d5 Nb8 16.e4
Nd7 17.Re1 Qe7 18.Ra2 Rfd8 19.b4 Nhf8 20.Ree2 Bh7 21.Be3 Bxe3 22.fxe3 Nb6 
23.Qd3 axb4 24.axb4 Nfd7 25.Rec2 Rxa2 26.Nxa2 Ra8 27.Nd2 Bg6 28.Qe2 Ra4 
29.Nb3 Ra3 30.Nac1 Nf6 31.c5 Nbd7 32.Qc4 Kh7 33.Ra2 Rxa2 34.Nxa2 b5 35.
Qxb5 Nxe4 36.Bxe4 Bxe4 37.Qc4 Bg6 38.cxd6 cxd6 39.Nd2 Qh4 40.Nf1 Qxh3 
1/2-1/2

[Event "Politiken zt"]
[Site "Munkebo"]
[Date "1998.09.11"]
[Round "1.2"]
[White "Danielsen, Henrik"]
[Black "Salmensuu, Olli"]
[Result "1-0"]
[WhiteElo "2510"]
[BlackElo "2420"]
[EventDate "1998.09.10"]
[PlyCount "141"]

1.f4 g6 2.e4 d5 3.e5 c5 4.Nc3 Nh6 5.Nf3 Nf5 6.Bb5+ Bd7 7.Qe2 e6 8.O-O Bxb5
9.Qxb5+ Qd7 10.Qxd7+ Kxd7 11.b3 Nc6 12.Bb2 Rc8 13.Nxd5 Bg7 14.Nc3 Nfd4 15.
Nxd4 Nxd4 16.Ne4 Rc7 17.c4 Kc6 18.Bxd4 cxd4 19.Rf3 Rd8 20.Rd3 Bf8 21.a4 
Bb4 22.g4 h6 23.Kg2 Kb6 24.a5+ Kc6 25.Ra4 Bf8 26.Kf3 Rcd7 27.Nf6 Rc7 28.
Ke4 Rcc8 29.b4 g5 30.f5 Bg7 31.Nh5 Bf8 32.f6 b5 33.axb6 axb6 34.Rxd4 Rxd4+
35.Kxd4 Kb7 36.d3 b5 37.Ra5 bxc4 38.dxc4 Rd8+ 39.Kc3 Rd1 40.c5 Re1 41.Ng3 
Rc1+ 42.Kd4 Rd1+ 43.Kc4 Re1 44.Kd3 Rd1+ 45.Kc4 Re1 46.Kb3 Rb1+ 47.Ka4 Re1 
48.Nh5 Kc6 49.Ra6+ Kd5 50.Kb3 Re3+ 51.Kc2 Re2+ 52.Kd3 Rxh2 53.Ra8 Rh3+ 54.
Ke2 Bxc5 55.bxc5 Rc3 56.Ra7 Rxc5 57.Rxf7 Kxe5 58.Rd7 Rc2+ 59.Rd2 Rc3 60.
Rb2 Rc7 61.Kf2 Ke4 62.Kg2 Rf7 63.Rf2 Kd5 64.Kf1 e5 65.Ke2 Ke6 66.Ng7+ Kd6 
67.Ke3 Rf8 68.Ke4 h5 69.gxh5 g4 70.Rd2+ Kc6 71.Kxe5 1-0

[Event "Politiken zt"]
[Site "Munkebo"]
[Date "1998.09.11"]
[Round "1.2"]
[White "Hansen, Curt"]
[Black "Djurhuus, Rune"]
[Result "0-1"]
[WhiteElo "2610"]
[BlackElo "2495"]
[EventDate "1998.09.10"]
[PlyCount "110"]

1.d4 Nf6 2.c4 c5 3.d5 b5 4.Nf3 g6 5.cxb5 a6 6.e3 Bg7 7.Nc3 d6 8.a4 O-O 9.
e4 Ne8 10.Ra3 axb5 11.Bxb5 Nc7 12.Be2 Nd7 13.O-O Ba6 14.h4 h6 15.Re1 Qc8 
16.Bf4 Rb8 17.Qc1 Kh7 18.Bd1 Rb4 19.e5 dxe5 20.Nxe5 Nxe5 21.Bxe5 Bxe5 22.
Rxe5 Rxh4 23.Rxe7 Qd8 24.Re4 Re8 25.Bf3 Bb7 26.Rxe8 Qxe8 27.Rb3 Qe5 28.g3 
Rb4 29.Qd1 Rd4 30.Qe2 Qxe2 31.Nxe2 Rd1+ 32.Kg2 Bxd5 33.Bxd5 Nxd5 34.a5 Nb4
35.Kf3 h5 36.Nc3 Ra1 37.Ra3 Rxa3 38.bxa3 Na6 39.Ke4 g5 40.Kf5 Kh6 41.Ne2 
Nb8 42.f3 Na6 43.Ke4 h4 44.gxh4 gxh4 45.Ng1 Kg5 46.Ke5 f6+ 47.Ke4 Kg6 48.
Kd5 Kf7 49.Kc4 Ke6 50.Kb5 Kd5 51.Kxa6 Kc6 52.a4 c4 53.Ne2 h3 54.Nd4+ Kc5 
55.Ne6+ Kd6 0-1

[Event "Politiken zt"]
[Site "Munkebo"]
[Date "1998.09.11"]
[Round "1.2"]
[White "Hansen, Sune Berg"]
[Black "Ostenstad, Berge"]
[Result "1-0"]
[WhiteElo "2520"]
[BlackElo "2460"]
[EventDate "1998.09.10"]
[PlyCount "111"]

1.e4 e6 2.d4 d5 3.Nd2 Nf6 4.e5 Nfd7 5.c3 c5 6.Bd3 Nc6 7.Ne2 Qb6 8.Nf3 cxd4
9.cxd4 f6 10.exf6 Nxf6 11.O-O Bd6 12.b3 O-O 13.Bf4 Bxf4 14.Nxf4 Ne4 15.Ne2
Nd6 16.Qd2 Bd7 17.Rad1 a5 18.Nc3 Rae8 19.Rfe1 Qd8 20.Ne5 Nxe5 21.Rxe5 Qf6 
22.Re3 g6 23.Bb1 Rc8 24.a4 Qf4 25.Qe2 Nf7 26.Rf3 Qd6 27.Rg3 Qf4 28.Qd3 Qf6
29.Qe3 Nd6 30.Rf3 Qh4 31.Rxf8+ Rxf8 32.Ne2 Rc8 33.Rc1 Qd8 34.Rxc8 Bxc8 35.
g3 Bd7 36.Nf4 Qb6 37.Bc2 Nf7 38.h4 Qd6 39.Nd3 b5 40.h5 Kg7 41.hxg6 hxg6 
42.Nc5 b4 43.f4 Bc8 44.Kg2 Nh6 45.Qe2 Kf7 46.Qf1 Qc7 47.Qh1 Kg7 48.Qh4 Nf5
49.Bxf5 exf5 50.Kf2 Qd6 51.Qh1 g5 52.fxg5 Qg6 53.Qxd5 Qxg5 54.Qe5+ Kf8 55.
Qh8+ Ke7 56.Qh4 1-0

[Event "Politiken zt"]
[Site "Munkebo"]
[Date "1998.09.11"]
[Round "1.2"]
[White "Hector, Jonny"]
[Black "Fyllingen, Roy Harald"]
[Result "1/2-1/2"]
[WhiteElo "2510"]
[BlackElo "2405"]
[EventDate "1998.09.10"]
[PlyCount "100"]

1.e4 e5 2.Nf3 Nc6 3.Nc3 Nf6 4.g3 Bc5 5.Bg2 d6 6.d3 a6 7.Be3 O-O 8.O-O Be6 
9.d4 exd4 10.Nxd4 Bg4 11.Nxc6 bxc6 12.Qd2 Bxe3 13.Qxe3 Rb8 14.h3 Bd7 15.b3
Re8 16.Rfe1 Qc8 17.g4 h5 18.g5 Nd5 19.Qf3 Nxc3 20.Qxc3 Rb5 21.Qg3 c5 22.
Re3 g6 23.Rae1 Ra5 24.e5 dxe5 25.Rxe5 Rxa2 26.Rxe8+ Bxe8 27.Qe3 Bd7 28.
Qxc5 Be6 29.Rd1 Bf5 30.c4 Re2 31.b4 Kh7 32.Qd5 Qe8 33.Qc5 Bc2 34.Ra1 Re5 
35.Qd4 Rf5 36.Qd2 Bb3 37.Rxa6 Qe5 38.Ra5 Qe6 39.Rxf5 Qxf5 40.Qc3 Ba2 41.
Qg3 Bxc4 42.Qxc7 Qb1+ 43.Kh2 Qxb4 44.Qf4 Qc3 45.h4 Kg7 46.Kg1 Qe1+ 47.Kh2 
Qc3 48.Kg1 Be6 49.Kh2 Bf5 50.Kg1 Be6 1/2-1/2